Principles of CMOS VLSI design (Record no. 2744)

000 -LEADER
fixed length control field 00701nam a2200229 a 4500
001 - CONTROL NUMBER
control field 2744
003 - CONTROL NUMBER IDENTIFIER
control field BD-DhUET
008 - FIXED-LENGTH DATA ELEMENTS--GENERAL INFORMATION
fixed length control field 920421s1993 mauaf b 001 0 eng
020 ## - INTERNATIONAL STANDARD BOOK NUMBER
International Standard Book Number 0201533766
040 ## - CATALOGING SOURCE
Original cataloging agency DLC
Transcribing agency DLC
Modifying agency BD-DhUET
082 00 - DEWEY DECIMAL CLASSIFICATION NUMBER
Classification number 623.8173
Item number WES/1992
100 1# - MAIN ENTRY--PERSONAL NAME
Personal name Weste, Neil H. E.
245 10 - TITLE STATEMENT
Title Principles of CMOS VLSI design
Remainder of title a systems perspective
Statement of responsibility, etc. by Neil H.E. Weste and Kamran Eshraghian
250 ## - EDITION STATEMENT
Edition statement 2nd ed.
260 ## - PUBLICATION, DISTRIBUTION, ETC. (IMPRINT)
Place of publication, distribution, etc. New York
Name of publisher, distributor, etc. Addison-Wesley Publishing
Date of publication, distribution, etc. 1993
300 ## - PHYSICAL DESCRIPTION
Extent xxii, 713 p.
490 ## - SERIES STATEMENT
Series statement The VLSI system series
504 ## - BIBLIOGRAPHY, ETC. NOTE
Bibliography, etc Includes bibliographies
650 #0 - SUBJECT ADDED ENTRY--TOPICAL TERM
Topical term or geographic name as entry element Integrated circuits- VLSI-Design and construction
700 ## - ADDED ENTRY--PERSONAL NAME
Personal name Eshraghian, Kamran
942 ## - ADDED ENTRY ELEMENTS (KOHA)
Koha item type General Book
Holdings
Sublocation or collection (holding branch) Lost status Koha item type Not for loan Piece designation (barcode) Koha date last seen Koha date last borrowed Source of classification or shelving scheme Shelving location Koha full call number Koha issues (times borrowed) Price effective from Koha normalized classification for sorting Date acquired Location (home branch) Withdrawn status Copy number Damaged status
Central Library, BUET General Book 1077182014-09-30  Circulation section623.8173/WES/1993 2014-09-30623_817300000000000_WES_19932014-09-30Central Library, BUET 1 
Central Library, BUET General Book 1078012015-01-102014-12-13 Circulation section623.8173/WES/199312014-09-30623_000000000000000_8173WES1992014-09-30Central Library, BUET 2 
Central Library, BUET General Book 911212014-10-29  Circulation section623.8173/WES/1993 2014-10-29623_000000000000000_8173WES1992014-10-29Central Library, BUET 3 
Central Library, BUET General Book 911192014-10-29  Circulation section623.8173/WES/1993 2014-10-29623_817300000000000_WES_19932014-10-29Central Library, BUET 4 
Central Library, BUET General Book 911202014-11-01  Circulation section623.8173/WES/1992 2014-11-01623_000000000000000_8173WES1992014-11-01Central Library, BUET 5 
Central Library, BUET General Book 911242018-08-272018-08-14 Circulation section623.8173/WES/199212014-11-01623_000000000000000_8173WES1992014-11-01Central Library, BUET 6 
Central Library, BUET General Book 911232017-01-01  Circulation section623.8173/WES/1993 2014-11-09623_000000000000000_8173WES1992014-11-09Central Library, BUET 7 
Central Library, BUET Reading Item 905882015-07-02  Reading section623.8173/WES/1993 2015-07-02623_817300000000000_WES_19932015-07-02Central Library, BUET 8 
Central Library, BUET General Book 911222019-01-30  Circulation section623.8173/WES/1993 2019-01-30623_817300000000000_WES_19931997-04-28Central Library, BUET 9